000 00546nam a2200193 a 4500
005 20140310183155.0
008 970101s19uu xx 00 eng d
020 _a971852617X
050 _aQA 76.73.D2
_b.As828 1987
100 _aAshton, Tate
245 _aLearning and using dbase III plus /
_cTate Ashton.
260 _aQuiapo,Manila :
_bPernick Printing Corp.,
_c1987.
300 _a(unpage) :
_bill. ;
_c22 cm.
500 _aIncludes index.
521 _aIT
650 _aProgramming language
942 _cBK
_2lcc
_kFOR
999 _c19731
_d19731